000 00890nam a2200301Ia 4500
001 15505
003 IT-RoPAU
008 130308s9999 xx 000 0 und d
040 _aIT-RoPAU
040 _cIT-RoPAU
041 _aITALIANO
100 _aCarnap Rudolf
100 _gCodice Aut. SPICS: 8409
245 _aSignificato e sinonimia nelle lingue naturali
245 _bStruttura Logica del Linguaggio (La)
250 _a1a ed.
260 _aMILANO
260 _bBompiani
260 _c1973 [1° Ed.:1973 - Ed.Ling.Originale:1955]
300 _a"17 p. (prefazione: no ; testo: 17 [pagine: 117-133])"
500 _aEstensioni Intensioni Intensioni nel Linguaggio Scientifico Intensione di un Predicato Intensione per un Robot
650 _aLOGICA FILOSOFICA
650 _eCodice materia Spics: 3151
942 _cBK
957 _71
999 _c39085
_d39085
999 _bSI
999 _g1